<?xml version="1.0" encoding="UTF-8"?>
<record
    xmlns:xsi="http://www.w3.org/2001/XMLSchema-instance"
    xsi:schemaLocation="http://www.loc.gov/MARC21/slim http://www.loc.gov/standards/marcxml/schema/MARC21slim.xsd"
    xmlns="http://www.loc.gov/MARC21/slim">

  <leader>01275    a2200193   4500</leader>
  <controlfield tag="003">NUST</controlfield>
  <controlfield tag="005">20221201144557.0</controlfield>
  <datafield tag="020" ind1=" " ind2=" ">
    <subfield code="a">0827325312</subfield>
  </datafield>
  <datafield tag="040" ind1=" " ind2=" ">
    <subfield code="c">Nust</subfield>
  </datafield>
  <datafield tag="082" ind1=" " ind2=" ">
    <subfield code="a">537,KUB</subfield>
  </datafield>
  <datafield tag="100" ind1=" " ind2=" ">
    <subfield code="a">Kubala, Thomas S.</subfield>
  </datafield>
  <datafield tag="245" ind1=" " ind2=" ">
    <subfield code="a">Electricity 1 :</subfield>
    <subfield code="b"> devices, circuits and  materials /</subfield>
    <subfield code="c">Thomas S. Kubala.</subfield>
  </datafield>
  <datafield tag="250" ind1=" " ind2=" ">
    <subfield code="a">4th  ed.</subfield>
  </datafield>
  <datafield tag="260" ind1=" " ind2=" ">
    <subfield code="a">Albany,</subfield>
    <subfield code="b">Delmar Publishers</subfield>
    <subfield code="c"> [1988]</subfield>
  </datafield>
  <datafield tag="300" ind1=" " ind2=" ">
    <subfield code="a">146 p. illus.</subfield>
    <subfield code="b">27 cm.</subfield>
  </datafield>
  <datafield tag="505" ind1=" " ind2=" ">
    <subfield code="a">Introduction  (Page- 1), Electron Theory and Ohm's Law (Page- 5), Series Circuits  (Page- 11), Parallel Circuits  (Page- 17), Series-Parallel Circuits (Page- 23), Electrical Energy and Power (Page-23), Batteries (Page- 33), Electrical Conductors and Wire Sizes (Page- 41), Voltage Drop Across Conductors (Page- 49), Summary Review of Units 1-9 (Page- 55), Magnets and Magnetic  Fields (Page-61), Electromagnetism (Page- 65),Generation of Electromotive Force (Page- 71), Direct-Current Motor Principles  (Page- 79), Summary Review of Units 11-14 (Page- 85), Typical Bell Circuits (Page- 89), Switch Control of Lighting Circuits (Page- 95), Wiring Materials (Page- 105), Remote Control Systems for Lighting Circuits (Page- 127), Summary Review of Units 16-19 (Page- 135). </subfield>
  </datafield>
  <datafield tag="650" ind1=" " ind2=" ">
    <subfield code="a">Electricity</subfield>
    <subfield code="9">39895</subfield>
  </datafield>
  <datafield tag="942" ind1=" " ind2=" ">
    <subfield code="2">ddc</subfield>
    <subfield code="c">BK</subfield>
    <subfield code="i">537,KUB</subfield>
  </datafield>
  <datafield tag="999" ind1=" " ind2=" ">
    <subfield code="c">183996</subfield>
    <subfield code="d">183996</subfield>
  </datafield>
  <datafield tag="952" ind1=" " ind2=" ">
    <subfield code="0">0</subfield>
    <subfield code="1">0</subfield>
    <subfield code="2">ddc</subfield>
    <subfield code="4">0</subfield>
    <subfield code="7">0</subfield>
    <subfield code="a">MCS</subfield>
    <subfield code="b">MCS</subfield>
    <subfield code="c">GEN</subfield>
    <subfield code="d">2016-12-12</subfield>
    <subfield code="o">537,KUB</subfield>
    <subfield code="p">MCS5465</subfield>
    <subfield code="r">2016-12-08</subfield>
    <subfield code="w">2016-12-12</subfield>
    <subfield code="y">BK</subfield>
    <subfield code="z">Almirah No.16, Shelf No.4</subfield>
  </datafield>
</record>
